| 000 | 00959nam a22002057a 4500 | ||
|---|---|---|---|
| 005 | 20180627115533.0 | ||
| 010 | _aHIN-114351 | ||
| 020 |
_a9789352832491 _c225.00 |
||
| 035 | _aHN-86697 | ||
| 037 | _bDBAD/PUB | ||
| 082 |
_a000 _22ed, |
||
| 100 | _aश्रीवास्तव,विजय शंकर | ||
| 245 |
_aसामान्य बुध्दि एवं तर्कशक्ति परीक्षण / _cविजय शंकर श्रीवास्तव |
||
| 246 | _aSamnya Budhi Avam TarkShakti Perchd / | ||
| 260 |
_aनई दिल्ली _bएस चन्द एण्ड कम्पनी _c2018 |
||
| 270 |
_bनई दिल्ली _a7361,राम नगर,कुतुब रोड, _e110055 _mwwwshandpublishing.com |
||
| 300 |
_a440पृ. _c26से.मी.(अजिल्द) _bसचित्र |
||
| 490 | _aExam success series | ||
| 942 |
_2ddc _cHN _h000 _mश्रीवास्त |
||
| 999 |
_c152999 _d152999 |
||